00690nam a2200241 a 4500001001300000003000900013005001700022008004100039020002400080082001900104100001800123245003000141260002600171300000800197500003500205505001000240650002600250700001800276902000800294942000700302952012200309999001700431nice12345678IN_TiNIC20260116014734.0050524s2002 leia grp 000 0 eng  a9004354 c965300a912.17671bKEN aKennedy, Hugh aHistorical Atlas of Islam aLeiden bBrill c2002 a86- aincludes index and biblioraphy2 aIndex aAtlases-History-Islam1 aKennedy, Hugh bRHR cBK 001040708ReferHall-aHMIbHMId2007-06-05g9653.00l0o912.17671 KENp020201r2007-06-05v9653.00w2005-05-24yBK c16724d16724